000 00380nam a22001337a 4500
999 _c115315
_d115315
005 20220113152953.0
008 200101b ||||| |||| 00| 0 eng d
040 _cPK-LaUMT
082 _a346.00264
_bUNR-
245 _aUnreported Cases [U.C, Vol. X, 1989]
_cedited by M. Farani. . .[et al.]
260 _aLahore:
_bNational Law Reporter,
_c1989
300 _a936 p.
942 _cLPJ